<?xml version='1.0' encoding='UTF-8'?>
  <record xmlns="http://www.loc.gov/MARC21/slim">
    <leader>00000cem a2200000 i 4500</leader>
    <controlfield tag="001">ocn980532070</controlfield>
    <controlfield tag="003">OCoLC</controlfield>
    <controlfield tag="005">20240716133605.8</controlfield>
    <controlfield tag="008">931221s1754    ne        u     0   dut d</controlfield>
    <datafield tag="040" ind1=" " ind2=" ">
      <subfield code="a">QGJ</subfield>
      <subfield code="b">dut</subfield>
      <subfield code="c">QGJ</subfield>
      <subfield code="d">OCLCO</subfield>
      <subfield code="d">OCLCL</subfield>
      <subfield code="d">OCLCQ</subfield>
    </datafield>
    <datafield tag="035" ind1=" " ind2=" ">
      <subfield code="a">(OCoLC)980532070</subfield>
    </datafield>
    <datafield tag="084" ind1=" " ind2=" ">
      <subfield code="a">74.20</subfield>
      <subfield code="2">bcl</subfield>
    </datafield>
    <datafield tag="100" ind1="1" ind2=" ">
      <subfield code="a">Bolstra, Melchior,</subfield>
      <subfield code="d">1704-1779.</subfield>
      <subfield code="1">https://id.oclc.org/worldcat/entity/E39PCjH4Bfj7fqc39Jk9dCWTwP</subfield>
    </datafield>
    <datafield tag="245" ind1="1" ind2="0">
      <subfield code="a">Gemeeten kaart van het benedenste gedeelte van de rivier de Linge van Gorinchem tot boven Asperen :</subfield>
      <subfield code="b">behoorende tot het project ter ontlasting van de te veel bezwaarde Leck boven langs den Dief-dyk, en vervolgens door de Linge tot in de Merwe. : waar op mede zyn afgetekent eenige geconcipieerde afsnydingen der Linge-dyken, ter verkryging van meerder ruimte en regulieriteit voor den afloop van het water, met een doorsnyding van het Weyschild /</subfield>
      <subfield code="c">gemeeten en gecarteert door M. Bolstra ... 1753.</subfield>
    </datafield>
    <datafield tag="255" ind1=" " ind2=" ">
      <subfield code="a">Schaal [ca. 1:10.000].</subfield>
    </datafield>
    <datafield tag="264" ind1=" " ind2="1">
      <subfield code="a">[Den Haag] :</subfield>
      <subfield code="b">[Landsdrukkerij],</subfield>
      <subfield code="c">1754.</subfield>
    </datafield>
    <datafield tag="300" ind1=" " ind2=" ">
      <subfield code="a">1 krt. in 2 bl. :</subfield>
      <subfield code="b">kopergrav. ;</subfield>
      <subfield code="c">34 x 133 cm</subfield>
    </datafield>
    <datafield tag="336" ind1=" " ind2=" ">
      <subfield code="a">cartografische afbeelding</subfield>
      <subfield code="b">cri</subfield>
      <subfield code="2">rdacontent/dut</subfield>
    </datafield>
    <datafield tag="337" ind1=" " ind2=" ">
      <subfield code="a">zonder medium</subfield>
      <subfield code="b">n</subfield>
      <subfield code="2">rdamedia/dut</subfield>
    </datafield>
    <datafield tag="338" ind1=" " ind2=" ">
      <subfield code="a">vel</subfield>
      <subfield code="b">nb</subfield>
      <subfield code="2">rdacarrier/dut</subfield>
    </datafield>
    <datafield tag="500" ind1=" " ind2=" ">
      <subfield code="a">Linksboven: Resol. 9 april 1754.</subfield>
    </datafield>
    <datafield tag="500" ind1=" " ind2=" ">
      <subfield code="a">Schaal van vier-hondert Rijnlandse roeden.</subfield>
    </datafield>
    <datafield tag="510" ind1="0" ind2=" ">
      <subfield code="a">Van den Brink, 'In een opslag van het oog', 61</subfield>
    </datafield>
    <datafield tag="651" ind1=" " ind2="7">
      <subfield code="a">Linge.</subfield>
      <subfield code="0">(NL-LeOCL)113066643.</subfield>
      <subfield code="2">gtt</subfield>
    </datafield>
    <datafield tag="655" ind1=" " ind2="7">
      <subfield code="a">Kaarten (vorm)</subfield>
      <subfield code="0">(NL-LeOCL)088143554.</subfield>
      <subfield code="2">gtt</subfield>
    </datafield>
    <datafield tag="936" ind1=" " ind2=" ">
      <subfield code="a">BATCHLOAD</subfield>
    </datafield>
  </record>